000 00303nam a22001337a 4500
008 181105b xxu||||| |||| 00| 0 eng d
020 _a9780534147303
041 _aeng
080 _a316
100 _a50
101 _aSOC
245 _aThe Social Work Skills Workbook
_cCournoyer, B
942 _2udc
_cBK
999 _c51913
_d51913